[Event "Kaltern Trophy-A 2nd"]
[Site "Kaltern"]
[Date "2017.10.27"]
[Round "1"]
[White "Viola, Enrico"]
[Black "Seebacher, Michael"]
[Result "0-1"]
[WhiteElo "1878"]
[BlackElo "2067"]
[PlyCount "60"]
[EventDate "2017.10.27"]
[EventType "swiss"]
[EventRounds "5"]
[EventCountry "ITA"]
[SourceTitle "CBM 181 Extra"]
[Source "ChessBase"]
[SourceDate "2017.12.12"]
[SourceVersion "1"]
[SourceVersionDate "2017.12.12"]
[SourceQuality "1"]

1. d4 Nf6 2. Nf3 d6 3. g3 c6 4. c4 Nbd7 5. Bg2 e5 6. Nc3 Qc7 7. e3 Be7 8. 0-0 0-0 9. b3 Ne8 10. a4 f5 11. e4 Ndf6 12. Qe2 fxe4 13. Nxe4 Nxe4 14. Qxe4 Bf5 15. Qe3 Nf6 16. Bb2 e4 17. Nd2 d5 18. h3 Qd7 19. g4 Be6 20. f3 exf3 21. Nxf3 Rae8 22. Ne5 Qc8 23. g5 Ne4 24. Bxe4 dxe4 25. h4 Bf5 26. Rf4 c5 27. d5 Bd6 28. Rxe4 Bxe4 29. Qxe4 Rf5 30. Qg4 Bxe5 0-1

[Event "Trieste op 16th"]
[Site "Trieste"]
[Date "2014.09.04"]
[Round "7"]
[White "Viola, Enrico"]
[Black "Hrescak, Ivana"]
[Result "0-1"]
[WhiteElo "1821"]
[BlackElo "2020"]
[PlyCount "102"]
[EventDate "2014.08.30"]
[EventType "swiss"]
[EventRounds "9"]
[EventCountry "ITA"]
[SourceTitle "CBM 162 Extra"]
[Source "ChessBase"]
[SourceDate "2014.10.17"]
[SourceVersion "1"]
[SourceVersionDate "2014.10.17"]
[SourceQuality "1"]

1. d4 Nf6 2. c4 g6 3. Nc3 Bg7 4. e4 d6 5. h3 0-0 6. Bg5 Nbd7 7. Nf3 c6 8. Qd2 Qc7 9. Bh6 e5 10. Bxg7 Kxg7 11. Be2 Re8 12. 0-0 Nh5 13. g3 Ndf6 14. Kg2 h6 15. dxe5 dxe5 16. Rad1 Be6 17. Qd6 Qxd6 18. Rxd6 Nd7 19. Nh4 Nhf6 20. f4 Nc5 21. fxe5 Nfxe4 22. Nxe4 Nxe4 23. Rd4 Ng5 24. g4 Rad8 25. Rfd1 Rxd4 26. Rxd4 Bc8 27. Nf3 Nxf3 28. Bxf3 Rxe5 29. Rd8 Be6 30. b3 Ra5 31. a4 b5 32. Bxc6 bxc4 33. b4 Re5 34. Kf2 h5 35. Bf3 hxg4 36. hxg4 c3 37. Rd3 c2 38. Rc3 Bb3 39. Bc6 Re6 40. a5 Rd6 41. Be4 Rd4 42. Bxc2 Bxc2 43. Rxc2 Rxb4 44. Rc7 Rxg4 45. Rxa7 Ra4 46. a6 g5 47. Kg3 Kg6 48. Ra8 Kf5 49. a7 Ra3+ 50. Kf2 Kf4 51. Rf8 Rxa7 0-1

[Event "Trieste op 16th"]
[Site "Trieste"]
[Date "2014.08.31"]
[Round "3"]
[White "Viola, Enrico"]
[Black "Suc, Timothy"]
[Result "0-1"]
[WhiteElo "1821"]
[BlackElo "2122"]
[PlyCount "48"]
[EventDate "2014.08.30"]
[EventType "swiss"]
[EventRounds "9"]
[EventCountry "ITA"]
[SourceTitle "CBM 162 Extra"]
[Source "ChessBase"]
[SourceDate "2014.10.17"]
[SourceVersion "1"]
[SourceVersionDate "2014.10.17"]
[SourceQuality "1"]

1. Nf3 Nf6 2. g3 g6 3. Bg2 Bg7 4. d4 d6 5. 0-0 0-0 6. c4 Nbd7 7. Nc3 e5 8. dxe5 dxe5 9. b3 c6 10. Ba3 Re8 11. Ng5 Qa5 12. Bb2 e4 13. h4 h6 14. Nh3 Ne5 15. Na4 Bf5 16. Qd4 Rad8 17. Bc3 Qa6 18. Qc5 b6 19. Qa3 b5 20. cxb5 cxb5 21. Bxe5 Rxe5 22. Qb2 Ng4 23. Nc3 Rc5 24. Rad1 Rdc8 0-1

[Event "Padova op-A 15th"]
[Site "Padova"]
[Date "2012.12.19"]
[Round "5"]
[White "Bonan, Yves"]
[Black "Viola, Enrico"]
[Result "1-0"]
[WhiteElo "1891"]
[BlackElo "1865"]
[PlyCount "44"]
[EventDate "2012.12.16"]
[EventType "swiss"]
[EventRounds "9"]
[EventCountry "ITA"]
[SourceTitle "EXT 2024"]
[Source "ChessBase"]
[SourceDate "2023.10.10"]
[SourceVersion "1"]
[SourceVersionDate "2023.10.10"]
[SourceQuality "1"]

1. Nf3 d5 2. g3 Bg4 3. Bg2 c6 4. d3 Nf6 5. h3 Bh5 6. 0-0 h6 7. Nbd2 e6 8. c4 Nbd7 9. cxd5 cxd5 10. e4 Qc7 11. exd5 Nxd5 12. g4 Bg6 13. Ne4 Be7 14. Bd2 0-0 15. Rc1 Qb6 16. Bc3 Nf4 17. Qd2 Nxd3 18. Qxd3 Nc5 19. Qd4 e5 20. Qxe5 Ne6 21. Nd4 Nxd4 22. Bxd4 Bf6 1-0

[Event "Udine Oro Caffe op 2nd"]
[Site "Udine"]
[Date "2009.07.09"]
[Round "4"]
[White "Viola, Enrico"]
[Black "Trento, Giacomo"]
[Result "0-1"]
[WhiteElo "1614"]
[BlackElo "1588"]
[PlyCount "56"]
[EventDate "2009.07.06"]
[EventType "swiss"]
[EventRounds "7"]
[EventCountry "ITA"]
[SourceTitle "EXT 2011"]
[Source "ChessBase"]
[SourceDate "2010.11.26"]
[SourceVersion "1"]
[SourceVersionDate "2010.11.26"]
[SourceQuality "1"]

1. d4 d5 2. c4 c6 3. Nf3 Nf6 4. Nc3 e6 5. e3 Nbd7 6. Bd3 dxc4 7. Bxc4 b5 8. Bd3 Bb7 9. Qb3 a6 10. a4 Nc5 11. Qc2 Nxd3+ 12. Qxd3 b4 13. Ne4 c5 14. Ned2 cxd4 15. exd4 Rc8 16. 0-0 Be7 17. a5 0-0 18. Re1 Qd5 19. Re5 Qc6 20. Nb3 Ne4 21. d5 Qc4 22. Qxe4 Qxb3 23. Be3 Bxd5 24. Qg4 Bxf3 25. gxf3 Rc4 26. Qh3 Qxb2 27. Rh5 Qxa1+ 28. Kg2 Qb1 0-1

[Event "Udine Province-ch"]
[Site "Udine"]
[Date "2007.11.25"]
[Round "2"]
[White "Gentile, Bruno"]
[Black "Viola, Enrico"]
[Result "0-1"]
[WhiteElo "1449"]
[BlackElo "1497"]
[PlyCount "92"]
[EventDate "2007.11.24"]
[EventType "swiss"]
[EventRounds "6"]
[EventCountry "ITA"]
[SourceTitle "EXT 2010"]
[Source "ChessBase"]
[SourceDate "2010.11.25"]
[SourceVersion "1"]
[SourceVersionDate "2010.11.25"]
[SourceQuality "1"]

1. c4 Nf6 2. Nf3 g6 3. g3 Bg7 4. Nc3 d6 5. Bg2 0-0 6. b3 Na6 7. 0-0 c6 8. Bb2 Bf5 9. e3 Bd3 10. Re1 Nb4 11. Rc1 Bf5 12. Bf1 Qd7 13. a3 Na6 14. d3 Bg4 15. Bg2 e5 16. e4 Ne8 17. Qd2 Nc5 18. Qd1 f5 19. h3 fxe4 20. hxg4 exf3 21. Bxf3 Ne6 22. Ne4 d5 23. Nd2 d4 24. Ne4 Nd6 25. Kg2 Nxe4 26. Bxe4 Qf7 27. Rf1 Ng5 28. f3 Bh6 29. Rc2 Rad8 30. Rcf2 Ne6 31. Rh1 Be3 32. Rff1 Kg7 33. Bc1 Bxc1 34. Qxc1 Rh8 35. Rh3 h6 36. Rfh1 Ng5 37. R3h2 Rdf8 38. Rf1 Ne6 39. b4 Ng5 40. b5 cxb5 41. Bd5 Qd7 42. f4 exf4 43. Rxf4 bxc4 44. Bxc4 Qc6+ 45. Kf1 Rxf4+ 46. gxf4 Qf3+ 0-1

[Event "Udine Province-ch"]
[Site "Udine"]
[Date "2006.12.10"]
[Round "6"]
[White "Viola, Enrico"]
[Black "Gentile, Bruno"]
[Result "1-0"]
[WhiteElo "1431"]
[BlackElo "1410"]
[PlyCount "33"]
[EventDate "2006.12.02"]
[EventType "swiss"]
[EventRounds "6"]
[EventCountry "ITA"]
[SourceTitle "EXT 2011"]
[Source "ChessBase"]
[SourceDate "2010.11.26"]
[SourceVersion "1"]
[SourceVersionDate "2010.11.26"]
[SourceQuality "1"]

1. e4 e5 2. Nf3 Nf6 3. Nxe5 d6 4. Nf3 Nxe4 5. d4 Be7 6. Bd3 Nf6 7. 0-0 0-0 8. Re1 Nc6 9. c3 Ne8 10. d5 Nb8 11. Qe2 Bf6 12. Qe4 g6 13. Bh6 Ng7 14. Qf4 Nd7 15. Nbd2 Nh5 16. Qe3 Re8 17. Qxe8+ 1-0